Problémy a možnosti vnútorného trhu EÚ

Vstupom krajín SVE do EÚ sa posunuli hranice vnútorného trhu a počet spotrebiteľov prekročil 450 miliónov. Možnosť zaviesť ochranné opatrenia počas prvých troch rokov, v prípade vážnych problémov v oblastiach fungovania vnútorného trhu. Stratégia vnútorného trhu na obdobie rokov 2003-2006, ktorou sa...

Descrizione completa

Salvato in:
Dettagli Bibliografici
Autore principale: Šaková, Beáta
Altri autori: Šíbl, Drahoš
Natura: Capitolo di libro
Lingua:slovacco
Soggetti:
Tags: Aggiungi Tag
Nessun Tag, puoi essere il primo ad aggiungerne!!

MARC

LEADER 00000naa$a2200000$$$4500
001 0026369
005 20240502071425.6
041 0 |a slo 
044 |a SK 
245 1 0 |a Problémy a možnosti vnútorného trhu EÚ  |c Beáta Šaková, Drahoš Šíbl 
500 |a Dokončenie z IBC č. 3/2004 
520 |a Vstupom krajín SVE do EÚ sa posunuli hranice vnútorného trhu a počet spotrebiteľov prekročil 450 miliónov. Možnosť zaviesť ochranné opatrenia počas prvých troch rokov, v prípade vážnych problémov v oblastiach fungovania vnútorného trhu. Stratégia vnútorného trhu na obdobie rokov 2003-2006, ktorou sa chce dosiahnuť ďalšie uľahčenie pohybu tovarov a služieb pomocou dokonalejšej legislatívnej úpravy. Nevyhnutnosť zlepšenia fungovania štruktúr štátnej správy. V článku sú uvedené adresy internetových stránok, ktoré informujú o vnútornom trhu, o prístupoch na trh, analýze trhov, prinášajú aj ďalšie užitočné informácie pre podnikateľské a spotrebiteľské subjekty. 
610 2 0 |a Európska únia 
610 2 0 |a trh vnútorný 
610 2 0 |a opatrenia 
610 2 0 |a ochrana trhu 
610 2 0 |a politika obchodná 
610 2 0 |a podnikatelia 
610 2 0 |a spotrebitelia 
100 1 |a Šaková, Beáta 
700 1 |a Šíbl, Drahoš